[Event "Stay Safe Play From Home 169"]
[Site "T#646312Emanuel Laske"]
[Date "2020.05.24"]
[Round "5"]
[White "SoulofWolf"]
[Black "Castlingarrocco"]
[Result "1-0"]
[WhiteElo "2146"]
[BlackElo "2019"]
[PlyCount "39"]
[EventDate "2020.05.24"]
[EventType "swiss (blitz)"]

1. c4 {[%emt 0:00:00]} d6 {[%emt 0:00:01]} 2. Nc3 {[%emt 0:00:00]} e5 {[%emt 0:00:00]} 3. d4 {[%emt 0:00:00]} exd4 {[%emt 0:00:01]} 4. Qxd4 {[%emt 0:00:00]} Nf6 {[%emt 0:00:00]} 5. Qh4 {[%emt 0:00:01]} g6 {[%emt 0:00:00]} 6. Bg5 {[%emt 0:00:01]} Be7 {[%emt 0:00:01]} 7. O-O-O {[%emt 0:00:00]} O-O {[%emt 0:00:01]} 8. e4 {[%emt 0:00:00]} h6 {[%emt 0:00:00]} 9. Bxh6 {[%emt 0:00:02]} Re8 {[%emt 0:00:01]} 10. Bf4 {[%emt 0:00:01]} Nh7 {[%emt 0:00:01]} 11. Qg3 {[%emt 0:00:01]} g5 {[%emt 0:00:02]} 12. Be3 {[%emt 0:00:01]} f6 {[%emt 0:00:01]} 13. Bd3 {[%emt 0:00:01]} Nf8 {[%emt 0:00:03]} 14. h4 {[%emt 0:00:00]} Ng6 {[%emt 0:00:01]} 15. hxg5 {[%emt 0:00:03]} fxg5 {[%emt 0:00:00]} 16. Rh6 {[%emt 0:00:06]} Kf7 {[%emt 0:00:01]} 17. e5 {[%emt 0:00:02]} Rh8 {[%emt 0:00:04]} 18. Rxg6 {[%emt 0:00:02]} Bf6 {[%emt 0:00:05]} 19. Rxf6+ {[%emt 0:00:02]} Kg7 {[%emt 0:00:01]} 20. Qxg5# {[%emt 0:00:01] (Lag: Av=0.36s, max=0.6s)} 1-0

[Event "Stay Safe Play From Home 169"]
[Site "T#646312Emanuel Laske"]
[Date "2020.05.24"]
[Round "5"]
[White "Fischer_11"]
[Black "Praveen prasad"]
[Result "1-0"]
[WhiteElo "1971"]
[BlackElo "2235"]
[Annotator "NA"]
[PlyCount "135"]
[EventDate "2020.05.24"]
[EventType "swiss (blitz)"]

1. e4 {[%emt 0:00:02]} d5 {[%emt 0:00:01]} 2. a3 {[%emt 0:00:01]} dxe4 {[%emt 0:00:01]} 3. Nc3 {[%emt 0:00:00]} Nf6 {[%emt 0:00:01]} 4. Qe2 {[%emt 0:00:00]} c6 {[%emt 0:00:01]} 5. Nxe4 {[%emt 0:00:01]} Nxe4 {[%emt 0:00:00]} 6. Qxe4 {[%emt 0:00:00]} Qd5 {[%emt 0:00:02]} 7. Qh4 {[%emt 0:00:00]} Qe5+ {[%emt 0:00:01]} 8. Be2 {[%emt 0:00:02]} Bf5 {[%emt 0:00:02]} 9. Nf3 {[%emt 0:00:02]} Qf6 {[%emt 0:00:00]} 10. Qxf6 {[%emt 0:00:01]} exf6 {[%emt 0:00:00]} 11. c3 {[%emt 0:00:00]} Nd7 {[%emt 0:00:01]} 12. d4 {[%emt 0:00:00]} Be7 {[%emt 0:00:01]} 13. Bf4 {[%emt 0:00:00]} O-O {[%emt 0:00:01]} 14. O-O {[%emt 0:00:00]} Rfe8 {[%emt 0:00:01]} 15. Rfe1 {[%emt 0:00:01]} Bf8 {[%emt 0:00:01]} 16. Bf1 {[%emt 0:00:01]} Bg4 {[%emt 0:00:01]} 17. Nd2 {[%emt 0:00:04]} g5 {[%emt 0:00:01]} 18. Bg3 {[%emt 0:00:01]} Be6 {[%emt 0:00:01]} 19. Bc4 {[%emt 0:00:02]} Nb6 {[%emt 0:00:01]} 20. Bb3 {[%emt 0:00:02]} Bxb3 {[%emt 0:00:01]} 21. Nxb3 {[%emt 0:00:00]} Nc4 {[%emt 0:00:01]} 22. Nc5 {[%emt 0:00:09]} Bxc5 {[%emt 0:00:01]} 23. dxc5 {[%emt 0:00:00]} Rad8 {[%emt 0:00:05]} 24. Rxe8+ {[%emt 0:00:02]} Rxe8 {[%emt 0:00:00]} 25. b3 {[%emt 0:00:02]} Nxa3 {[%emt 0:00:02]} 26. h4 {[%emt 0:00:01]} Nb5 {[%emt 0:00:03]} 27. c4 {[%emt 0:00:01]} Nd4 {[%emt 0:00:01]} 28. Rxa7 {[%emt 0:00:01]} Nxb3 {[%emt 0:00:05]} 29. Rxb7 {[%emt 0:00:01]} Nxc5 {[%emt 0:00:01]} 30. Rc7 {[%emt 0:00:00]} Ne4 {[%emt 0:00:01]} 31. Rxc6 {[%emt 0:00:02]} Nxg3 {[%emt 0:00:01]} 32. fxg3 {[%emt 0:00:00]} Kg7 {[%emt 0:00:01]} 33. hxg5 {[%emt 0:00:01]} fxg5 {[%emt 0:00:00]} 34. c5 {[%emt 0:00:00]} Re2 {[%emt 0:00:01]} 35. Kh2 {[%emt 0:00:01]} Rc2 {[%emt 0:00:01]} 36. g4 {[%emt 0:00:01]} Rc3 {[%emt 0:00:01]} 37. g3 {[%emt 0:00:02]} Rc2+ {[%emt 0:00:01]} 38. Kh3 {[%emt 0:00:01]} Rc1 {[%emt 0:00:00]} 39. Rc8 {[%emt 0:00:01]} Rc2 {[%emt 0:00:01]} 40. Rc7 {[%emt 0:00:01]} Kf6 {[%emt 0:00:01]} 41. Rc6+ {[%emt 0:00:01]} Ke5 {[%emt 0:00:01]} 42. Rh6 {[%emt 0:00:01]} Rxc5 {[%emt 0:00:01]} 43. Rxh7 {[%emt 0:00:00]} f6 {[%emt 0:00:00]} 44. Rh8 {[%emt 0:00:01]} Rc1 {[%emt 0:00:01]} 45. Re8+ {[%emt 0:00:01]} Kd6 {[%emt 0:00:01]} 46. Ra8 {[%emt 0:00:00]} Ke6 {[%emt 0:00:00]} 47. Ra6+ {[%emt 0:00:00]} Kf7 {[%emt 0:00:00]} 48. Ra5 {[%emt 0:00:00]} Kg6 {[%emt 0:00:00]} 49. Kg2 {[%emt 0:00:00]} Rd1 {[%emt 0:00:01]} 50. Ra6 {[%emt 0:00:00]} Rd2+ {[%emt 0:00:00]} 51. Kh3 {[%emt 0:00:00]} Rd4 {[%emt 0:00:00]} 52. Ra8 {[%emt 0:00:00]} Rd8 {[%emt 0:00:00]} 53. Rxd8 {[%emt 0:00:01]} Kf7 {[%emt 0:00:01]} 54. Rd3 {[%emt 0:00:00]} Ke7 {[%emt 0:00:00]} 55. Kg2 {[%emt 0:00:00]} Kf7 {[%emt 0:00:00]} 56. Kf3 {[%emt 0:00:00]} Ke7 {[%emt 0:00:00]} 57. Ra3 {[%emt 0:00:00]} Kf7 {[%emt 0:00:00]} 58. Ra6 {[%emt 0:00:00]} Kg6 {[%emt 0:00:00]} 59. Ke4 {[%emt 0:00:00]} Kg7 {[%emt 0:00:00]} 60. Kf5 {[%emt 0:00:00]} Kf7 {[%emt 0:00:00]} 61. Rxf6+ {[%emt 0:00:00]} Kg7 {[%emt 0:00:00]} 62. Rg6+ {[%emt 0:00:00]} Kh7 {[%emt 0:00:02]} 63. Rxg5 {[%emt 0:00:00]} Kh6 {[%emt 0:00:00]} 64. Rg6+ {[%emt 0:00:00]} Kh7 {[%emt 0:00:00]} 65. Kf6 {[%emt 0:00:00]} Kh8 {[%emt 0:00:00]} 66. Kf7 {[%emt 0:00:00]} Kh7 {[%emt 0:00:00]} 67. g5 {[%emt 0:00:00]} Kh8 {[%emt 0:00:00]} 68. Rh6# {[%emt 0:00:00] (Lag: Av=0.97s, max=1.7s)} 1-0

[Event "Stay Safe Play From Home 169"]
[Site "T#646312Emanuel Laske"]
[Date "2020.05.24"]
[Round "5"]
[White "The Next Contender"]
[Black "Tobo Rubirosa"]
[Result "1-0"]
[WhiteElo "1827"]
[BlackElo "1517"]
[Annotator "NA"]
[PlyCount "59"]
[EventDate "2020.05.24"]
[EventType "swiss (blitz)"]

1. d4 {[%emt 0:00:01]} Nf6 {[%emt 0:00:02]} 2. c4 {[%emt 0:00:00]} c5 {[%emt 0:00:02]} 3. d5 {[%emt 0:00:01]} b5 {[%emt 0:00:02]} 4. cxb5 {[%emt 0:00:01]} a6 {[%emt 0:00:01]} 5. bxa6 {[%emt 0:00:02]} Bxa6 {[%emt 0:00:01]} 6. Nc3 {[%emt 0:00:01]} g6 {[%emt 0:00:05]} 7. g3 {[%emt 0:00:01]} Bg7 {[%emt 0:00:01]} 8. Bg2 {[%emt 0:00:00]} O-O {[%emt 0:00:01]} 9. e3 {[%emt 0:00:00]} d6 {[%emt 0:00:04]} 10. Nge2 {[%emt 0:00:01]} Nbd7 {[%emt 0:00:02]} 11. O-O {[%emt 0:00:00]} Bxe2 {[%emt 0:00:01]} 12. Qxe2 {[%emt 0:00:01]} Rb8 {[%emt 0:00:01]} 13. Rb1 {[%emt 0:00:02]} Qa5 {[%emt 0:00:02]} 14. e4 {[%emt 0:00:04]} Ne5 {[%emt 0:00:01]} 15. Qc2 {[%emt 0:00:02]} c4 {[%emt 0:00:02]} 16. b3 {[%emt 0:00:01]} Nd3 {[%emt 0:00:02]} 17. Be3 {[%emt 0:00:06]} Ng4 {[%emt 0:00:06]} 18. bxc4 {[%emt 0:00:01]} Nxe3 {[%emt 0:00:02]} 19. Qxd3 {[%emt 0:00:06]} Nxf1 {[%emt 0:00:03]} 20. Nb5 {[%emt 0:00:02]} Nd2 {[%emt 0:00:06]} 21. Rc1 {[%emt 0:00:08]} Bb2 {[%emt 0:00:04]} 22. Rc2 {[%emt 0:00:01]} Nxc4 {[%emt 0:00:02]} 23. Qxc4 {[%emt 0:00:05]} Qxb5 {[%emt 0:00:01]} 24. Bf1 {[%emt 0:00:02]} Qxc4 {[%emt 0:00:01]} 25. Bxc4 {[%emt 0:00:00]} Be5 {[%emt 0:00:01]} 26. Bb3 {[%emt 0:00:00]} Rxb3 {[%emt 0:00:01]} 27. axb3 {[%emt 0:00:01]} Bd4 {[%emt 0:00:00]} 28. b4 {[%emt 0:00:01]} Bc5 {[%emt 0:00:01]} 29. bxc5 {[%emt 0:00:01]} dxc5 {[%emt 0:00:01]} 30. Rxc5 {[%emt 0:00:00] Tiempo ' (Lag: Av=0.87s, max=1.4s)} 1-0

[Event "Stay Safe Play From Home 169"]
[Site "T#646312Emanuel Laske"]
[Date "2020.05.24"]
[Round "6"]
[White "Praveen prasad"]
[Black "The Next Contender"]
[Result "1-0"]
[WhiteElo "2207"]
[BlackElo "1832"]
[PlyCount "69"]
[EventDate "2020.05.24"]
[EventType "swiss (blitz)"]

1. e4 {[%emt 0:00:01]} d5 {[%emt 0:00:01]} 2. exd5 {[%emt 0:00:01]} Qxd5 {[%emt 0:00:00]} 3. Nc3 {[%emt 0:00:02]} Qa5 {[%emt 0:00:01]} 4. Nf3 {[%emt 0:00:00]} c6 {[%emt 0:00:01]} 5. Be2 {[%emt 0:00:00]} Bf5 {[%emt 0:00:00]} 6. O-O {[%emt 0:00:00]} e6 {[%emt 0:00:00]} 7. Re1 {[%emt 0:00:00]} Nf6 {[%emt 0:00:01]} 8. d3 {[%emt 0:00:00]} Be7 {[%emt 0:00:00]} 9. h3 {[%emt 0:00:00]} O-O {[%emt 0:00:00]} 10. a3 {[%emt 0:00:00]} Bg6 {[%emt 0:00:00]} 11. Bd2 {[%emt 0:00:00]} a6 {[%emt 0:00:01]} 12. Bf1 {[%emt 0:00:00]} Qc7 {[%emt 0:00:00]} 13. Ne5 {[%emt 0:00:01]} Nbd7 {[%emt 0:00:01]} 14. Bf4 {[%emt 0:00:01]} Nxe5 {[%emt 0:00:02]} 15. Bxe5 {[%emt 0:00:00]} Qd7 {[%emt 0:00:01]} 16. Qe2 {[%emt 0:00:01]} Nd5 {[%emt 0:00:01]} 17. Nxd5 {[%emt 0:00:01]} cxd5 {[%emt 0:00:01]} 18. c4 {[%emt 0:00:01]} Bd6 {[%emt 0:00:01]} 19. b4 {[%emt 0:00:03]} Bxe5 {[%emt 0:00:01]} 20. Qxe5 {[%emt 0:00:01]} Rfd8 {[%emt 0:00:02]} 21. c5 {[%emt 0:00:01]} b6 {[%emt 0:00:01]} 22. d4 {[%emt 0:00:01]} bxc5 {[%emt 0:00:01]} 23. dxc5 {[%emt 0:00:00]} d4 {[%emt 0:00:01]} 24. Rad1 {[%emt 0:00:02]} Qd5 {[%emt 0:00:04]} 25. Bd3 {[%emt 0:00:06]} Qxe5 {[%emt 0:00:01]} 26. Rxe5 {[%emt 0:00:01]} Bxd3 {[%emt 0:00:03]} 27. Rxd3 {[%emt 0:00:00]} a5 {[%emt 0:00:01]} 28. Re4 {[%emt 0:00:03]} axb4 {[%emt 0:00:03]} 29. axb4 {[%emt 0:00:00]} e5 {[%emt 0:00:03]} 30. Rxe5 {[%emt 0:00:01]} Rab8 {[%emt 0:00:01]} 31. c6 {[%emt 0:00:04]} Rxb4 {[%emt 0:00:03]} 32. c7 {[%emt 0:00:01]} Rc8 {[%emt 0:00:01]} 33. Rd5 {[%emt 0:00:00]} Rb1+ {[%emt 0:00:14]} 34. Kh2 {[%emt 0:00:01]} h6 {[%emt 0:00:04]} 35. Rd8+ {[%emt 0:00:01] Time (Lag: Av=0.86s, max=1.7s)} 1-0

[Event "Stay Safe Play From Home 169"]
[Site "T#646312Emanuel Laske"]
[Date "2020.05.24"]
[Round "6"]
[White "Weltszmerc"]
[Black "SoulofWolf"]
[Result "1-0"]
[WhiteElo "2007"]
[BlackElo "2157"]
[PlyCount "179"]
[EventDate "2020.05.24"]
[EventType "swiss (blitz)"]

1. d4 {[%emt 0:00:02]} e6 {[%emt 0:00:00]} 2. c4 {[%emt 0:00:01]} d5 {[%emt 0:00:00]} 3. Nf3 {[%emt 0:00:00]} c6 {[%emt 0:00:00]} 4. g3 {[%emt 0:00:00]} Nd7 {[%emt 0:00:00]} 5. Bg2 {[%emt 0:00:00]} Bd6 {[%emt 0:00:00]} 6. Nbd2 {[%emt 0:00:01]} Ne7 {[%emt 0:00:00]} 7. Qc2 {[%emt 0:00:01]} O-O {[%emt 0:00:01]} 8. O-O {[%emt 0:00:00]} f5 {[%emt 0:00:01]} 9. b3 {[%emt 0:00:02]} b6 {[%emt 0:00:00]} 10. Bb2 {[%emt 0:00:00]} Ng6 {[%emt 0:00:01]} 11. e3 {[%emt 0:00:01]} Bb7 {[%emt 0:00:01]} 12. a3 {[%emt 0:00:01]} Rc8 {[%emt 0:00:00]} 13. b4 {[%emt 0:00:01]} Qe7 {[%emt 0:00:01]} 14. c5 {[%emt 0:00:01]} Bb8 {[%emt 0:00:01]} 15. a4 {[%emt 0:00:01]} h6 {[%emt 0:00:01]} 16. a5 {[%emt 0:00:01]} b5 {[%emt 0:00:03]} 17. a6 {[%emt 0:00:01]} Ba8 {[%emt 0:00:00]} 18. Ne1 {[%emt 0:00:01]} Bc7 {[%emt 0:00:02]} 19. f4 {[%emt 0:00:01]} Nf6 {[%emt 0:00:01]} 20. Nef3 {[%emt 0:00:01]} Ng4 {[%emt 0:00:01]} 21. Rae1 {[%emt 0:00:02]} Nf6 {[%emt 0:00:03]} 22. Ne5 {[%emt 0:00:01]} Nxe5 {[%emt 0:00:00]} 23. fxe5 {[%emt 0:00:01]} Ne4 {[%emt 0:00:00]} 24. Nxe4 {[%emt 0:00:00]} dxe4 {[%emt 0:00:01]} 25. Bh3 {[%emt 0:00:02]} Rf7 {[%emt 0:00:01]} 26. Qb3 {[%emt 0:00:01]} Rcf8 {[%emt 0:00:01]} 27. Kg2 {[%emt 0:00:00]} Kh8 {[%emt 0:00:01]} 28. Kh1 {[%emt 0:00:01]} Qg5 {[%emt 0:00:02]} 29. Rf2 {[%emt 0:00:01]} Qe7 {[%emt 0:00:01]} 30. Bg2 {[%emt 0:00:01]} Bd8 {[%emt 0:00:01]} 31. Ref1 {[%emt 0:00:01]} Re8 {[%emt 0:00:00]} 32. Bxe4 {[%emt 0:00:02]} Ref8 {[%emt 0:00:00]} 33. Bg2 {[%emt 0:00:01]} Qe8 {[%emt 0:00:03]} 34. Bf3 {[%emt 0:00:01]} g6 {[%emt 0:00:01]} 35. Qc2 {[%emt 0:00:02]} Kg7 {[%emt 0:00:01]} 36. Bc3 {[%emt 0:00:01]} Bg5 {[%emt 0:00:01]} 37. e4 {[%emt 0:00:01]} Be3 {[%emt 0:00:01]} 38. Re2 {[%emt 0:00:01]} Bg5 {[%emt 0:00:02]} 39. exf5 {[%emt 0:00:01]} gxf5 {[%emt 0:00:00]} 40. Ref2 {[%emt 0:00:01]} Be3 {[%emt 0:00:02]} 41. Re2 {[%emt 0:00:01]} Bg5 {[%emt 0:00:00]} 42. Bh5 {[%emt 0:00:00]} Qe7 {[%emt 0:00:01]} 43. Bxf7 {[%emt 0:00:00]} Qxf7 {[%emt 0:00:00]} 44. Qd3 {[%emt 0:00:01]} Kh7 {[%emt 0:00:02]} 45. Ref2 {[%emt 0:00:01]} Kh8 {[%emt 0:00:00]} 46. Bd2 {[%emt 0:00:00]} Qg7 {[%emt 0:00:02]} 47. Bxg5 {[%emt 0:00:01]} hxg5 {[%emt 0:00:00]} 48. Qf3 {[%emt 0:00:01]} Rf7 {[%emt 0:00:01]} 49. Qh5+ {[%emt 0:00:01]} Kg8 {[%emt 0:00:01]} 50. g4 {[%emt 0:00:01]} f4 {[%emt 0:00:01]} 51. Qh3 {[%emt 0:00:01]} Qf8 {[%emt 0:00:01]} 52. Qd3 {[%emt 0:00:01]} Rh7 {[%emt 0:00:00]} 53. Qg6+ {[%emt 0:00:01]} Rg7 {[%emt 0:00:01]} 54. Qxe6+ {[%emt 0:00:00]} Kh8 {[%emt 0:00:00]} 55. Rf3 {[%emt 0:00:01]} Rh7 {[%emt 0:00:01]} 56. Kg2 {[%emt 0:00:01]} Re7 {[%emt 0:00:01]} 57. Qg6 {[%emt 0:00:02]} Rh7 {[%emt 0:00:01]} 58. Rh3 {[%emt 0:00:01]} Rxh3 {[%emt 0:00:00]} 59. Kxh3 {[%emt 0:00:00]} Qg7 {[%emt 0:00:00]} 60. Qxg7+ {[%emt 0:00:01]} Kxg7 {[%emt 0:00:00]} 61. Kg2 {[%emt 0:00:00]} Kf7 {[%emt 0:00:01]} 62. Kf3 {[%emt 0:00:00]} Ke6 {[%emt 0:00:00]} 63. Ke4 {[%emt 0:00:00]} Kf7 {[%emt 0:00:01]} 64. h4 {[%emt 0:00:00]} Bb7 {[%emt 0:00:00]} 65. hxg5 {[%emt 0:00:00]} Bxa6 {[%emt 0:00:00]} 66. Rxf4+ {[%emt 0:00:01]} Kg6 {[%emt 0:00:00]} 67. Rf6+ {[%emt 0:00:00]} Kg7 {[%emt 0:00:00]} 68. e6 {[%emt 0:00:00]} Bc8 {[%emt 0:00:01]} 69. Rf7+ {[%emt 0:00:00]} Kg6 {[%emt 0:00:00]} 70. Re7 {[%emt 0:00:00]} Kxg5 {[%emt 0:00:01]} 71. Rc7 {[%emt 0:00:00]} Bxe6 {[%emt 0:00:00]} 72. Ke5 {[%emt 0:00:00]} Bd5 {[%emt 0:00:00]} 73. Rxc6 {[%emt 0:00:00]} Kxg4 {[%emt 0:00:00]} 74. Kd6 {[%emt 0:00:00]} Bc4 {[%emt 0:00:00]} 75. Rc7 {[%emt 0:00:00]} Bd3 {[%emt 0:00:00]} 76. Rg7+ {[%emt 0:00:00]} Kf3 {[%emt 0:00:00]} 77. d5 {[%emt 0:00:00]} Ke2 {[%emt 0:00:00]} 78. Kc7 {[%emt 0:00:00]} Bc4 {[%emt 0:00:01]} 79. d6 {[%emt 0:00:00]} Bd5 {[%emt 0:00:00]} 80. d7 {[%emt 0:00:00]} Be6 {[%emt 0:00:00]} 81. d8=Q {[%emt 0:00:00]} Bd5 {[%emt 0:00:00]} 82. Qf6 {[%emt 0:00:00]} Bc4 {[%emt 0:00:00]} 83. Re7+ {[%emt 0:00:00]} Kd3 {[%emt 0:00:00]} 84. Qe5 {[%emt 0:00:00]} Kc2 {[%emt 0:00:00]} 85. Qe3 {[%emt 0:00:00]} Bd3 {[%emt 0:00:00]} 86. Rd7 {[%emt 0:00:00]} Be2 {[%emt 0:00:00]} 87. Rd4 {[%emt 0:00:00]} Kb2 {[%emt 0:00:01]} 88. Rd2+ {[%emt 0:00:00]} Kc1 {[%emt 0:00:02]} 89. Kd6 {[%emt 0:00:00]} Bd1 {[%emt 0:00:00]} 90. Qe1 {[%emt 0:00:01] Czas partii} 1-0

[Event "Stay Safe Play From Home 169"]
[Site "T#646312Emanuel Laske"]
[Date "2020.05.24"]
[Round "6"]
[White "Fischer_11"]
[Black "Castlingarrocco"]
[Result "0-1"]
[WhiteElo "1999"]
[BlackElo "2008"]
[Annotator "NA"]
[PlyCount "82"]
[EventDate "2020.05.24"]
[EventType "swiss (blitz)"]

1. e4 {[%emt 0:00:02]} e6 {[%emt 0:00:01]} 2. d4 {[%emt 0:00:01]} d5 {[%emt 0:00:00]} 3. Nd2 {[%emt 0:00:00]} c6 {[%emt 0:00:01]} 4. c3 {[%emt 0:00:01]} f5 {[%emt 0:00:01]} 5. Ngf3 {[%emt 0:00:00]} fxe4 {[%emt 0:00:01]} 6. Ne5 {[%emt 0:00:00]} Nf6 {[%emt 0:00:02]} 7. f3 {[%emt 0:00:01]} exf3 {[%emt 0:00:02]} 8. Ndxf3 {[%emt 0:00:00]} Bd6 {[%emt 0:00:01]} 9. Bd3 {[%emt 0:00:00]} O-O {[%emt 0:00:01]} 10. O-O {[%emt 0:00:01]} Bxe5 {[%emt 0:00:01]} 11. Nxe5 {[%emt 0:00:01]} g6 {[%emt 0:00:02]} 12. Bh6 {[%emt 0:00:02]} Re8 {[%emt 0:00:03]} 13. Bg5 {[%emt 0:00:01]} Rf8 {[%emt 0:00:01]} 14. Ng4 {[%emt 0:00:02]} Nbd7 {[%emt 0:00:02]} 15. Qe2 {[%emt 0:00:02]} Qe7 {[%emt 0:00:01]} 16. Rae1 {[%emt 0:00:03]} h5 {[%emt 0:00:01]} 17. Ne5 {[%emt 0:00:04]} Qg7 {[%emt 0:00:05]} 18. Nxg6 {[%emt 0:00:02]} Rf7 {[%emt 0:00:03]} 19. h4 {[%emt 0:00:04]} b6 {[%emt 0:00:03]} 20. Qxe6 {[%emt 0:00:03]} Nf8 {[%emt 0:00:01]} 21. Qxc6 {[%emt 0:00:05]} Bb7 {[%emt 0:00:01]} 22. Qd6 {[%emt 0:00:08]} Nxg6 {[%emt 0:00:01]} 23. Rxf6 {[%emt 0:00:05]} Rxf6 {[%emt 0:00:02]} 24. Qxf6 {[%emt 0:00:03]} Qxf6 {[%emt 0:00:01]} 25. Bxf6 {[%emt 0:00:00]} Kf7 {[%emt 0:00:00]} 26. Be5 {[%emt 0:00:01]} Nxe5 {[%emt 0:00:01]} 27. Rf1+ {[%emt 0:00:00]} Ke6 {[%emt 0:00:01]} 28. dxe5 {[%emt 0:00:00]} Kxe5 {[%emt 0:00:00]} 29. Rf5+ {[%emt 0:00:01]} Ke6 {[%emt 0:00:01]} 30. Rxh5 {[%emt 0:00:00]} Rf8 {[%emt 0:00:01]} 31. Rh6+ {[%emt 0:00:01]} Kd7 {[%emt 0:00:01]} 32. Rh7+ {[%emt 0:00:00]} Kc8 {[%emt 0:00:00]} 33. Re7 {[%emt 0:00:02]} Rg8 {[%emt 0:00:01]} 34. Re2 {[%emt 0:00:00]} Rg4 {[%emt 0:00:01]} 35. Rf2 {[%emt 0:00:00]} Rxh4 {[%emt 0:00:01]} 36. g3 {[%emt 0:00:00]} Rh6 {[%emt 0:00:02]} 37. Be2 {[%emt 0:00:00]} d4 {[%emt 0:00:01]} 38. Bf3 {[%emt 0:00:00]} d3 {[%emt 0:00:02]} 39. Bxb7+ {[%emt 0:00:02]} Kxb7 {[%emt 0:00:00]} 40. Rd2 {[%emt 0:00:01]} Rg6 {[%emt 0:00:01]} 41. Kf2 {[%emt 0:00:00]} Rd6 {[%emt 0:00:01] Zeit (Lag: Av=0.29s, max=0.9s)} 0-1

[Event "Stay Safe Play From Home 169"]
[Site "T#646312Emanuel Laske"]
[Date "2020.05.24"]
[Round "6"]
[White "Tobo Rubirosa"]
[Black "Mepe_Nika"]
[Result "0-1"]
[WhiteElo "1512"]
[BlackElo "2302"]
[PlyCount "58"]
[EventDate "2020.05.24"]
[EventType "swiss (blitz)"]

1. e4 {[%emt 0:00:03]} e5 {[%emt 0:00:01]} 2. f4 {[%emt 0:00:02]} exf4 {[%emt 0:00:02]} 3. Nc3 {[%emt 0:00:01]} Nf6 {[%emt 0:00:02]} 4. d4 {[%emt 0:00:02]} Bb4 {[%emt 0:00:02]} 5. Nf3 {[%emt 0:00:02]} Nxe4 {[%emt 0:00:04]} 6. Bc4 {[%emt 0:00:03]} Nxc3 {[%emt 0:00:02]} 7. bxc3 {[%emt 0:00:01]} Bxc3+ {[%emt 0:00:01]} 8. Bd2 {[%emt 0:00:01]} Bxa1 {[%emt 0:00:01]} 9. Qxa1 {[%emt 0:00:01]} d5 {[%emt 0:00:01]} 10. Bb3 {[%emt 0:00:05]} O-O {[%emt 0:00:01]} 11. O-O {[%emt 0:00:01]} c6 {[%emt 0:00:01]} 12. Bxf4 {[%emt 0:00:02]} Bg4 {[%emt 0:00:01]} 13. Ne5 {[%emt 0:00:02]} Bh5 {[%emt 0:00:01]} 14. Qe1 {[%emt 0:00:02]} Nd7 {[%emt 0:00:01]} 15. Qg3 {[%emt 0:00:02]} Bg6 {[%emt 0:00:02]} 16. Nxg6 {[%emt 0:00:02]} hxg6 {[%emt 0:00:00]} 17. Bd6 {[%emt 0:00:02]} Re8 {[%emt 0:00:02]} 18. Qf4 {[%emt 0:00:02]} Nf6 {[%emt 0:00:01]} 19. Be5 {[%emt 0:00:02]} Re6 {[%emt 0:00:01]} 20. c4 {[%emt 0:00:04]} Qd7 {[%emt 0:00:01]} 21. cxd5 {[%emt 0:00:01]} cxd5 {[%emt 0:00:00]} 22. Bxf6 {[%emt 0:00:04]} Rxf6 {[%emt 0:00:01]} 23. Qg5 {[%emt 0:00:01]} Rxf1+ {[%emt 0:00:01]} 24. Kxf1 {[%emt 0:00:02]} Qf5+ {[%emt 0:00:01]} 25. Qxf5 {[%emt 0:00:01]} gxf5 {[%emt 0:00:00]} 26. Bxd5 {[%emt 0:00:01]} Rd8 {[%emt 0:00:00]} 27. Bxb7 {[%emt 0:00:00]} Rxd4 {[%emt 0:00:00]} 28. Bc8 {[%emt 0:00:01]} Rd2 {[%emt 0:00:03]} 29. Bxf5 {[%emt 0:00:03]} Rxa2 {[%emt 0:00:01] Tiempo (Lag: Av=0.48s, max=1.1s) .} 0-1

[Event "Stay Safe Play From Home 169"]
[Site "T#646312Emanuel Laske"]
[Date "2020.05.24"]
[Round "7"]
[White "Mepe_Nika"]
[Black "Praveen prasad"]
[Result "1-0"]
[WhiteElo "2303"]
[BlackElo "2211"]
[PlyCount "61"]
[EventDate "2020.05.24"]
[EventType "swiss (blitz)"]

1. d4 {[%emt 0:00:01]} d5 {[%emt 0:00:01]} 2. Bf4 {[%emt 0:00:01]} c5 {[%emt 0:00:01]} 3. e3 {[%emt 0:00:01]} cxd4 {[%emt 0:00:00]} 4. exd4 {[%emt 0:00:01]} e6 {[%emt 0:00:01]} 5. c3 {[%emt 0:00:02]} Bd6 {[%emt 0:00:01]} 6. Bg3 {[%emt 0:00:02]} Ne7 {[%emt 0:00:01]} 7. Nd2 {[%emt 0:00:01]} O-O {[%emt 0:00:02]} 8. Bd3 {[%emt 0:00:01]} a6 {[%emt 0:00:01]} 9. Ne2 {[%emt 0:00:01]} Re8 {[%emt 0:00:01]} 10. Nf3 {[%emt 0:00:01]} Nbc6 {[%emt 0:00:01]} 11. Ne5 {[%emt 0:00:01]} Ng6 {[%emt 0:00:01]} 12. f4 {[%emt 0:00:01]} Bxe5 {[%emt 0:00:03]} 13. fxe5 {[%emt 0:00:00]} f5 {[%emt 0:00:03]} 14. exf6 {[%emt 0:00:01]} Qxf6 {[%emt 0:00:01]} 15. Rf1 {[%emt 0:00:01]} Qg5 {[%emt 0:00:01]} 16. Qd2 {[%emt 0:00:01]} Qxd2+ {[%emt 0:00:02]} 17. Kxd2 {[%emt 0:00:00]} Bd7 {[%emt 0:00:00]} 18. Bxg6 {[%emt 0:00:02]} hxg6 {[%emt 0:00:00]} 19. Nf4 {[%emt 0:00:00]} g5 {[%emt 0:00:01]} 20. Nd3 {[%emt 0:00:01]} Rf8 {[%emt 0:00:03]} 21. Nc5 {[%emt 0:00:01]} Bc8 {[%emt 0:00:04]} 22. Rae1 {[%emt 0:00:02]} b6 {[%emt 0:00:02]} 23. Rxf8+ {[%emt 0:00:04]} Kxf8 {[%emt 0:00:01]} 24. Nxe6+ {[%emt 0:00:01]} Bxe6 {[%emt 0:00:03]} 25. Rxe6 {[%emt 0:00:00]} Rc8 {[%emt 0:00:02]} 26. Rd6 {[%emt 0:00:00]} Ne7 {[%emt 0:00:01]} 27. Rxb6 {[%emt 0:00:01]} Nf5 {[%emt 0:00:02]} 28. Rxa6 {[%emt 0:00:02]} g4 {[%emt 0:00:02]} 29. b4 {[%emt 0:00:01]} Kg8 {[%emt 0:00:03]} 30. b5 {[%emt 0:00:01]} Ne7 {[%emt 0:00:04]} 31. b6 {[%emt 0:00:01] Praveen prasad resigns (Lag: Av=0.91s, max=1.2s)} 1-0

[Event "Stay Safe Play From Home 169"]
[Site "T#646312Emanuel Laske"]
[Date "2020.05.24"]
[Round "7"]
[White "Weltszmerc"]
[Black "Tobo Rubirosa"]
[Result "1-0"]
[WhiteElo "2031"]
[BlackElo "1512"]
[PlyCount "55"]
[EventDate "2020.05.24"]
[EventType "swiss (blitz)"]

1. d4 {[%emt 0:00:01]} Nf6 {[%emt 0:00:02]} 2. c4 {[%emt 0:00:01]} g6 {[%emt 0:00:01]} 3. Nf3 {[%emt 0:00:00]} Bg7 {[%emt 0:00:01]} 4. Nc3 {[%emt 0:00:00]} O-O {[%emt 0:00:01]} 5. e4 {[%emt 0:00:00]} d6 {[%emt 0:00:01]} 6. Be2 {[%emt 0:00:01]} e5 {[%emt 0:00:01]} 7. d5 {[%emt 0:00:01]} a5 {[%emt 0:00:02]} 8. O-O {[%emt 0:00:01]} h6 {[%emt 0:00:01]} 9. h3 {[%emt 0:00:00]} Nbd7 {[%emt 0:00:03]} 10. Be3 {[%emt 0:00:00]} Nc5 {[%emt 0:00:01]} 11. Qc2 {[%emt 0:00:01]} Nh5 {[%emt 0:00:01]} 12. b3 {[%emt 0:00:01]} Nf4 {[%emt 0:00:02]} 13. a3 {[%emt 0:00:00]} Nxe2+ {[%emt 0:00:02]} 14. Nxe2 {[%emt 0:00:00]} f5 {[%emt 0:00:01]} 15. b4 {[%emt 0:00:01]} axb4 {[%emt 0:00:03]} 16. Bxc5 {[%emt 0:00:03]} dxc5 {[%emt 0:00:04]} 17. axb4 {[%emt 0:00:01]} Rxa1 {[%emt 0:00:02]} 18. Rxa1 {[%emt 0:00:00]} cxb4 {[%emt 0:00:02]} 19. Qb3 {[%emt 0:00:01]} fxe4 {[%emt 0:00:02]} 20. Nd2 {[%emt 0:00:01]} Qh4 {[%emt 0:00:02]} 21. Ng3 {[%emt 0:00:02]} e3 {[%emt 0:00:05]} 22. Qxe3 {[%emt 0:00:01]} e4 {[%emt 0:00:01]} 23. Rb1 {[%emt 0:00:03]} Bf6 {[%emt 0:00:06]} 24. Ndxe4 {[%emt 0:00:01]} Be5 {[%emt 0:00:05]} 25. Rxb4 {[%emt 0:00:03]} Bxg3 {[%emt 0:00:04]} 26. Nxg3 {[%emt 0:00:02]} Bxh3 {[%emt 0:00:02]} 27. gxh3 {[%emt 0:00:01]} Qxh3 {[%emt 0:00:02]} 28. Rxb7 {[%emt 0:00:01] Tiempo} 1-0